000 00756nam a22001815i 4500
001 183280
003 ES-MaACL
005 20250726075205.0
008 140206s1878 fr f |||| | fre d
100 1 _aGrehant, N.
_9154383
245 1 0 _aMémoire sur l'endosmose des gaz à travers les poumons détachés /
_cpar N. Grehant.
260 _aParis :
_bG. Masson,
_c1878.
300 _a7 p. ;
_c25 cm.
490 1 _aBibliothèque de l'École des Hautes Études. Section des Sciences Naturelles . Tome XVIII ;
_vArticle nº 3 bis
830 0 0 _aBibliothèque de l'École des Hautes Études. Section des sciences naturelles
_vArticle nº 3 bis
_9181413
852 _aES-MaACL
_jG-11021(4)
_q.- Encuadernado con otras obras
999 _c183280
_d183280